| 000 | 01352nam a2200289 a 4500 | ||
|---|---|---|---|
| 001 | 000336725 | ||
| 003 | AM-YeHGA | ||
| 005 | 20250618072113.0 | ||
| 008 | 040520s2002 ai 000 | arm d | ||
| 020 | _a9993090204 | ||
| 040 | _aAM-YeHGA | ||
| 041 | 1 |
_aarm _hrus _heng |
|
| 245 | 0 | 0 |
_aԻմ Երևան = _bМой Ереван = My Yerevan : [Գրքում հավաքված են մոտ 255 լուսանկարներ, որոնք պատկերում են Երևանը 1890-2001 թթ.] / _cԾրագրի հեղ. և ղեկ.՝ Գ. Զաքոյան; Լուսանկ.՝ Մ. Սիվասլյան; Տեքստի հեղ.՝ Վ. Նավասարդյան. |
| 246 | 3 | 1 | _aМой Ереван |
| 246 | 3 | 1 | _aMy Yerevan |
| 260 |
_aԵրևան : _bԱկնալիս, _c2002 _eլազերային սկավառակ |
||
| 300 |
_a211 էջ : _bլուսանկ. ; _c30 սմ. |
||
| 504 | _aԼուսանկ.` էջ 21-211 | ||
| 546 | _aՏեքստը` հայ., ռուս. և օտար լեզ. | ||
| 610 | 1 | 4 |
_aԵրևան _961 |
| 650 | 1 | 4 |
_aՀայաստանի առանձին վայրերի պատմություն _zԵրևան |
| 650 | 1 | 4 |
_aՔաղաքաշինություն _zԵրևան |
| 650 | 1 | 4 |
_aՀայաստանի քաղաքներ _95294 |
| 700 | 1 |
_aՍիվասլյան, Մաքս _eնկ. _4art |
|
| 700 | 1 |
_aՆավասարդյան, Վահան _eտեքստի հեղ. _4aut |
|
| 090 | _c128352 | ||
| 999 |
_c126989 _d126989 |
||